1297 1126 1727 1252 1422 1808 1644 1765 1375 1973 1508 1634 1852 1801 1135 1516 1495 1710 1288 1202 1235 1288 1643 1912 1475 1603 1888 1755 1708 1082 1145 1276 1240 1863 1948 1240 1075 1062 1581 1737 1859 1038 1577 1486 1349 1127 1166 1134 1389 1936 1062 1519 1705 1856 1557 1341 1933 1161 1173 1794 1215 1017 1325 1790 1149 1051 1902 1348 1152 1892 1797 1125 1613 1238 1935 1308 1955 1532 1478 1996 1046 1838 1617 1554 1391 1479 1678 1918 1891 1076 1189 1975 1711 1424 1828 1816 1465 1824 1841 BCNSPRNW ULIB Ver.6.0+V

เปลี่ยนเป็นภาษาไทย

Change to English
 แสดงรายละเอียดบรรณานุกรม
  กลับหน้าหลัก

Brief Record : Get Marc (ISO 2709) : E-mail record : QR code < ปิดหน้าต่าง
LEADER : 00000nam 2200000uu 4500
001    13399115162
003     ULIB
008    120713s2552||||th 000 0 tha d
020    ^a9786162040047
050  4 ^a QA76.75^bด211ค
100 0  ^aดวงพร เกี๋ยงคำ
245 10 ^aคู่มือ Office 2007 ฉบับสมบูรณ์ /^cดวงพร เกี๋ยงคำ
246 30 ^aOffice 2007 ฉบับสมบูรณ์
246 34 ^aคู่มือ Office 2007 ฉบับสมบูรณ์ (ปรับปรุงใหม่สำหรับปี 2010-
250    ^aพิมพ์ครั้งที่ 2
260    ^aกรุงเทพฯ :^bโปรวิชั่น,^c2552
300    ^a756 หน้า :^bภาพประกอบสี ;^c22 ซม.
650  4 ^aโปรแกรมคอมพิวเตอร์
650  4 ^aไมโครซอฟต์ออฟฟิศ (โปรแกรมคอมพิวเตอร์)
650  4 ^aไมโครซอฟต์ออฟฟิศ 2007 (โปรแกรมคอมพิวเตอร์)
650  4 ^aสำนักงานอัตโนมัติ^xโปรแกรมคอมพิวเตอร์
945    ^p299^l0^i19156
995    ^aเกษร
999    ^aใช้งานได้ทุกระบบ
รายการนี้ยังไม่มีแท็ก
คุณยังไม่ได้ล็อกอิน คุณสามารถมีกิจกรรมร่วมกับเว็บไซต์ได้ แต่ต้องล็อกอินก่อน ::
  ล็อกอิน

รายการสื่อสารสนเทศ

ลำดับที่ ประเภท เลขเรียก/บาร์โค้ด สถานที่ สถานะ
- ไม่พบข้อมูล -

รายการใกล้เคียง
    ผู้แต่ง [ดวงพร เกี๋ยงคำ]

    หัวเรื่อง [โปรแกรมคอมพิวเตอร์]
    หัวเรื่อง [ไมโครซอฟต์ออฟฟิศ (โปรแกรมคอมพิวเตอร์)]
    หัวเรื่อง [ไมโครซอฟต์ออฟฟิศ 2007 (โปรแกรมคอมพิวเตอร์)]

BibComment


ยังไม่เคยถูกคอมเมนท์

คอมเมนท์ทรัพยากรรายการนี้
  คอมเมนท์: คู่มือ Office 20..


 Copyright 2026. Bcnsprnw @Library